000 00435nam a2200205Ia 4500
001 000971
003 YMCAF
005 20230512160042.0
008 100717s1971 ||||||||||||||||| ||und|d
024 _a971
035 _a953
040 _aYMCAF
_beng
_cIN-KoLT
041 _aeng
082 _aTHE-LON
100 _aLONDON INSTITUTE
245 4 _aTHE YEAR BOOK OF WORLD AFFAIRS
260 _c1971
300 _a399
942 _2ddc
_cBK
999 _c774
_d774